| 000 | 01160nam a22002295i 4500 | ||
|---|---|---|---|
| 001 | 178417 | ||
| 003 | ES-MaACL | ||
| 005 | 20251115063319.0 | ||
| 008 | 110527s1865 sp |||| | spa d | ||
| 040 |
_aCAM _bspa _cCAM |
||
| 100 | 1 |
_aGutiérrez de Alba, José María, _d1822-1897 _9127661 |
|
| 245 | 1 | 0 |
_a1864 y 1865 _b: revista cómico-lírico-fantástica, en un acto y en verso / _coriginal de José María Gutierrez de Alba ; música de Emilio Arrieta y sus discípulos, los señores Aceves, García Brocca, Campo, Ruiz, Fernández (M.) y Fernández (T). |
| 250 | _a2ª ed. | ||
| 260 |
_aMadrid : _b[s.n.], _c1865 ( _fImp. de Anselmo Santa Coloma) |
||
| 300 |
_a32 p. ; _c18 cm. |
||
| 500 | 1 | _aEn port.: Representada por primera vez en Madrid, con extraordinario aplauso, en el teatro del Circo en 30 de enero de 1865. | |
| 500 | _aSolo la letra. | ||
| 596 | 1 | _aEn p. 5 consta: "... de la galería dramática y lírica titulada El Teatro ..." | |
| 700 | 1 |
_aArrieta, Emilio. _9234204 |
|
| 852 |
_aES-MaACL _jD-1748(9) _z.- Legado M. de la Fuente _q.- Conserva la cub. original _z.- Encuadernada con otras obras |
||
| 999 |
_c178417 _d178417 |
||